<?xml version="1.0" encoding="UTF-8"?>
<record
    xmlns:xsi="http://www.w3.org/2001/XMLSchema-instance"
    xsi:schemaLocation="http://www.loc.gov/MARC21/slim http://www.loc.gov/standards/marcxml/schema/MARC21slim.xsd"
    xmlns="http://www.loc.gov/MARC21/slim">

  <leader>01069nam a2200349 u 4500</leader>
  <controlfield tag="001">136362</controlfield>
  <controlfield tag="005">20260506072752.0</controlfield>
  <controlfield tag="008">970812s1997                        spa  </controlfield>
  <datafield tag="020" ind1=" " ind2=" ">
    <subfield code="a">8427710992</subfield>
  </datafield>
  <datafield tag="035" ind1=" " ind2=" ">
    <subfield code="a">136362</subfield>
  </datafield>
  <datafield tag="035" ind1=" " ind2=" ">
    <subfield code="a">(OCoLC)431297170</subfield>
  </datafield>
  <datafield tag="040" ind1=" " ind2=" ">
    <subfield code="c">comduadb</subfield>
  </datafield>
  <datafield tag="041" ind1=" " ind2=" ">
    <subfield code="a">spa</subfield>
  </datafield>
  <datafield tag="050" ind1=" " ind2="4">
    <subfield code="a">HM</subfield>
  </datafield>
  <datafield tag="080" ind1=" " ind2=" ">
    <subfield code="a">PB</subfield>
  </datafield>
  <datafield tag="082" ind1=" " ind2="4">
    <subfield code="a">370</subfield>
  </datafield>
  <datafield tag="100" ind1="1" ind2="0">
    <subfield code="a">Carreras, Llorenc</subfield>
    <subfield code="4">aut</subfield>
    <subfield code="e">aut</subfield>
    <subfield code="9">485097</subfield>
  </datafield>
  <datafield tag="245" ind1="1" ind2="0">
    <subfield code="a">Como educar en valores : Materiales, textos, recursos y t&#xE9;cnicas</subfield>
  </datafield>
  <datafield tag="250" ind1=" " ind2=" ">
    <subfield code="a">3. ed., 4. ed.</subfield>
  </datafield>
  <datafield tag="260" ind1=" " ind2=" ">
    <subfield code="a">Barcelona :</subfield>
    <subfield code="b">Narcea,</subfield>
    <subfield code="c">1997.</subfield>
  </datafield>
  <datafield tag="300" ind1=" " ind2=" ">
    <subfield code="a">302p., 310p.(4.ed.)</subfield>
  </datafield>
  <datafield tag="500" ind1=" " ind2=" ">
    <subfield code="a">Compra: Cooperativa Edit. Magisterio, ago/97.</subfield>
  </datafield>
  <datafield tag="500" ind1=" " ind2=" ">
    <subfield code="a">Todas las ediciones tiene el mismo ISBN.</subfield>
  </datafield>
  <datafield tag="650" ind1=" " ind2="7">
    <subfield code="a">Dise&#xF1;o curricular</subfield>
    <subfield code="2"></subfield>
    <subfield code="9">20445</subfield>
  </datafield>
  <datafield tag="650" ind1=" " ind2="7">
    <subfield code="a">Educaci&#xF3;n en valores</subfield>
    <subfield code="2">embne</subfield>
    <subfield code="9">28974</subfield>
  </datafield>
  <datafield tag="650" ind1=" " ind2="7">
    <subfield code="a">Estrategias educativas</subfield>
    <subfield code="2">Tesauro Unesco</subfield>
    <subfield code="9">12168</subfield>
  </datafield>
  <datafield tag="650" ind1=" " ind2=" ">
    <subfield code="a">Formaci&#xF3;n de docentes</subfield>
    <subfield code="9">175860</subfield>
  </datafield>
  <datafield tag="650" ind1=" " ind2="7">
    <subfield code="a">Geograf&#xED;a</subfield>
    <subfield code="2">lemb</subfield>
    <subfield code="9">29405</subfield>
  </datafield>
  <datafield tag="650" ind1=" " ind2="7">
    <subfield code="a">Ciencias sociales</subfield>
    <subfield code="2">embne</subfield>
    <subfield code="9">2064</subfield>
  </datafield>
  <datafield tag="650" ind1=" " ind2="7">
    <subfield code="a">Valores sociales</subfield>
    <subfield code="2">lemb</subfield>
    <subfield code="9">32136</subfield>
  </datafield>
  <datafield tag="942" ind1=" " ind2=" ">
    <subfield code="c">BOOK</subfield>
  </datafield>
  <datafield tag="999" ind1=" " ind2=" ">
    <subfield code="c">68629</subfield>
    <subfield code="d">68629</subfield>
  </datafield>
  <datafield tag="952" ind1=" " ind2=" ">
    <subfield code="0">0</subfield>
    <subfield code="1">0</subfield>
    <subfield code="4">0</subfield>
    <subfield code="7">0</subfield>
    <subfield code="8">GEN</subfield>
    <subfield code="a">BC</subfield>
    <subfield code="b">BC</subfield>
    <subfield code="d">1997-08-12</subfield>
    <subfield code="g">32600.00</subfield>
    <subfield code="i">C192042</subfield>
    <subfield code="l">0</subfield>
    <subfield code="o">370.11 C735</subfield>
    <subfield code="p">61000001730130</subfield>
    <subfield code="r">2025-10-21 13:58:41</subfield>
    <subfield code="t">1</subfield>
    <subfield code="w">2023-04-21</subfield>
    <subfield code="y">BOOK</subfield>
  </datafield>
  <datafield tag="952" ind1=" " ind2=" ">
    <subfield code="0">0</subfield>
    <subfield code="1">0</subfield>
    <subfield code="4">0</subfield>
    <subfield code="7">0</subfield>
    <subfield code="8">GEN</subfield>
    <subfield code="a">BC</subfield>
    <subfield code="b">BC</subfield>
    <subfield code="d">1998-01-30</subfield>
    <subfield code="g">32600.00</subfield>
    <subfield code="i">C221286</subfield>
    <subfield code="l">0</subfield>
    <subfield code="o">370.11 C735 e2</subfield>
    <subfield code="p">61000003770985</subfield>
    <subfield code="r">2023-04-21 00:00:00</subfield>
    <subfield code="t">2</subfield>
    <subfield code="w">2023-04-21</subfield>
    <subfield code="y">BOOK</subfield>
  </datafield>
  <datafield tag="952" ind1=" " ind2=" ">
    <subfield code="0">0</subfield>
    <subfield code="1">0</subfield>
    <subfield code="4">0</subfield>
    <subfield code="7">0</subfield>
    <subfield code="8">GENERAL</subfield>
    <subfield code="a">CEDED</subfield>
    <subfield code="b">CEDED</subfield>
    <subfield code="d">2006-03-02</subfield>
    <subfield code="i">C897247</subfield>
    <subfield code="l">0</subfield>
    <subfield code="o">PB/0145 e1</subfield>
    <subfield code="p">0592525</subfield>
    <subfield code="r">2023-04-21 00:00:00</subfield>
    <subfield code="t">3</subfield>
    <subfield code="w">2023-04-21</subfield>
    <subfield code="y">BOOK</subfield>
  </datafield>
  <datafield tag="952" ind1=" " ind2=" ">
    <subfield code="0">0</subfield>
    <subfield code="1">0</subfield>
    <subfield code="4">0</subfield>
    <subfield code="7">0</subfield>
    <subfield code="8">GENERAL</subfield>
    <subfield code="a">CEDED</subfield>
    <subfield code="b">CEDED</subfield>
    <subfield code="d">2006-03-02</subfield>
    <subfield code="i">C897248</subfield>
    <subfield code="l">0</subfield>
    <subfield code="o">PB/0145 e2</subfield>
    <subfield code="p">0592526</subfield>
    <subfield code="r">2023-04-21 00:00:00</subfield>
    <subfield code="t">4</subfield>
    <subfield code="w">2023-04-21</subfield>
    <subfield code="y">BOOK</subfield>
  </datafield>
  <datafield tag="952" ind1=" " ind2=" ">
    <subfield code="0">0</subfield>
    <subfield code="1">0</subfield>
    <subfield code="4">0</subfield>
    <subfield code="7">0</subfield>
    <subfield code="8">GENERAL</subfield>
    <subfield code="a">BE</subfield>
    <subfield code="b">BE</subfield>
    <subfield code="d">2007-11-13</subfield>
    <subfield code="e">Material reclasificado</subfield>
    <subfield code="i">C972081</subfield>
    <subfield code="l">0</subfield>
    <subfield code="o">HM73 C6-96</subfield>
    <subfield code="p">61000001116306</subfield>
    <subfield code="r">2023-04-21 00:00:00</subfield>
    <subfield code="t">5</subfield>
    <subfield code="w">2023-04-21</subfield>
    <subfield code="y">BOOK</subfield>
  </datafield>
  <datafield tag="952" ind1=" " ind2=" ">
    <subfield code="0">0</subfield>
    <subfield code="1">0</subfield>
    <subfield code="2">ddc</subfield>
    <subfield code="4">0</subfield>
    <subfield code="7">0</subfield>
    <subfield code="8">GENERAL</subfield>
    <subfield code="a">CARME</subfield>
    <subfield code="b">CARME</subfield>
    <subfield code="d">2007-11-28</subfield>
    <subfield code="e">Material adquirido por donaci&#xF3;n</subfield>
    <subfield code="f">DONA</subfield>
    <subfield code="g">8000.00</subfield>
    <subfield code="i">C974840</subfield>
    <subfield code="l">0</subfield>
    <subfield code="o">370.11 C735</subfield>
    <subfield code="p">01116246</subfield>
    <subfield code="r">2023-04-21 00:00:00</subfield>
    <subfield code="t">6</subfield>
    <subfield code="w">2023-04-21</subfield>
    <subfield code="y">BOOK</subfield>
  </datafield>
</record>
